| 000 | 00967nam a2200193 4500 | ||
|---|---|---|---|
| 999 |
_c59135 _d59135 |
||
| 003 | Ge_BSU | ||
| 005 | 20221129161238.0 | ||
| 008 | 221129s1972ge xxu||||| |||| 00| 0 geo d | ||
| 041 | _ageo | ||
| 080 | _a087.5:39(049.92) ლ-41 | ||
| 100 |
_aლეკიაშვილი, ა. ავტორი. _916208 |
||
| 245 |
_a"შენ ხარ ვენახი" : _cა. ლეკიაშვილი, რედ. ვ. ძიძიგური. |
||
| 264 |
_aთბილისი : _bნაკადული, _c1972. |
||
| 300 |
_a125 გვ.: _b21 სმ. |
||
| 653 | _aქართული წეს-ჩვეულებები. მევენახეობა საქართველოში. მეღვინეობა საქართველოში. | ||
| 700 |
_aძიძიგური, ვ _eრედაქტორი _93813 |
||
| 700 |
_aორბელაძე, ვაჟა _eმხატვარი _916209 |
||
| 942 |
_2udc _cBK |
||